000 01045cam a2200253 a 4500
001 000019334
005 20200929170003.0
008 940209s1964 sp b 000 0 spa d
040 _aDO-SdBNP
_bspa
_cDLC
_dBNPHU
082 _a864.5
_bM582e, 1964
100 1 _aMesonero Romanos, Ramón de,
_c(el curioso parlante)
_d1803-1882.
_941558
245 1 0 _aEscenas matritenses /
_cRamón de Mesonero Romanos ; [selección y prólogo Ramón Gómez de la Serna].
250 _a3a ed.
260 _aMadrid, (España) :
_bEditorial Espasa-Calpe,
_c1964.
300 _a160, [16] p. ;
_c18 cm.
490 1 _aAustral. amarilla: Libros políticos y documentos de la época
_v283
650 4 _aEnsayos española
_941559
651 4 _aMadrid (España{Rpara}
_xVida Social Y Costumbres
_xEnsayos, Conferencias, Etc.
_941560
650 4 _aEnsayos españoles
_93095
700 1 _aGómez de la Serna, Ramón,
_epról.
_941561
830 0 _aAustral.
_pLibros políticos y documentos de la época
_v283
_941562
910 _aCatalogación derivada / LC
049 _aBNGR
999 _c18851
_d18851